Statistics for 20 Elements Quiz

Click here to take the quiz!

General Stats

  • This quiz has been taken 58 times
  • The average score is 18 of 20

Answer Stats

HintAnswer% Correct
1Hydrogen
100%
10Neon
100%
2Helium
100%
6Carbon
100%
8Oxygen
100%
7Nitrogen
98%
3Lithium
96%
9Fluorine
96%
4Beryllium
95%
11Sodium
93%
5Boron
93%
12Magnesium
91%
13Aluminium
86%
14Silicon
84%
16Sulfur
84%
20Calcium
84%
15Phosphorus
82%
17Chlorine
82%
18Argon
82%
19Potassium
82%

Score Distribution

Percentile by Number Answered

Percent of People with Each Score

Your Score History

You have not taken this quiz